000 00392nam a2200169Ia 4500
008 240510s9999 xx 000 0 und d
041 _aEng
082 _a005.136
082 _bT86
245 0 _aTurbo assembler version reference guide
260 _bScotts Valley, CA : Borland
260 _c1988
300 _a297 p.
650 _aAssembley language
942 _2ddc
942 _cLBK
999 _c23798
_d23798
945 _a1
_bMadushi Gamage
_c1
_dMadushi Gamage